000 00434nam a2200193Ia 4500
005 20250603145642.0
008 250603s9999 xx 000 0 und d
020 _a0-07-463010
050 _aTP 492 .A33/
100 _aArora
245 0 _aRefrigeration and Air Conditioning
250 _a2nd
260 _aNew Delhi
260 _bTata mcGraw hill
260 _c2000
300 _a987 p
650 _aNew Delhi
942 _cBK
999 _c42460
_d42460